Šťastný princ
| Main Author: | |
|---|---|
| Format: | Book |
| Language: | Undetermined |
| PhysicalDescription: | 42 s. |
| Published: |
Daňkovice
Jan Amos Verner
1947
|
MARC
| LEADER | 00000nam a2200000 a 4500 | ||
|---|---|---|---|
| 001 | vtls001381025 | ||
| 003 | SK-MaSNL | ||
| 005 | 20260301161358.0 | ||
| 008 | 240313s1947 xx 0 und | ||
| 035 | |a SNK000335030 | ||
| 040 | |a SNK |b slo |c SNK |e AACR2 | ||
| 100 | 1 | |a Wilde, Oscar, |d 1854-1900 |4 aut |9 104450 | |
| 245 | 1 | |a Šťastný princ | |
| 260 | |a Daňkovice |b Jan Amos Verner |c 1947 | ||
| 300 | |a 42 s. | ||
| 999 | |c 809208 |d 811138 | ||
| 952 | |t P60, <04>, [BOOK], {604} |a SNK |b SNK |y VYP |7 0 |p 17A0223755 |o snkID 4486/1 |0 0 |1 0 |4 0 |d 2000-01-17 |l 0 |r 2005-01-02 00:00:00 |w 2026-02-24 | ||


